The conceptual roots of mathematics: an essay on the philosophy of mathematics (Record no. 391715)

000 -LEADER
fixed length control field 00455cam a22001457a 4500
008 - FIXED-LENGTH DATA ELEMENTS--GENERAL INFORMATION
fixed length control field 180718b2000 xxu||||| |||| 00| 0 eng d
020 ## - INTERNATIONAL STANDARD BOOK NUMBER
International Standard Book Number 041520738X
082 ## - DEWEY DECIMAL CLASSIFICATION NUMBER
Classification number YA51 L962
100 ## - MAIN ENTRY--PERSONAL NAME
Personal name Lucas, J.R.
245 ## - TITLE STATEMENT
Title The conceptual roots of mathematics: an essay on the philosophy of mathematics
Statement of responsibility, etc. by J.R. Lucas
260 ## - PUBLICATION, DISTRIBUTION, ETC.
Place of publication, distribution, etc. London
Name of publisher, distributor, etc. Routledge
Date of publication, distribution, etc. 2000
300 ## - PHYSICAL DESCRIPTION
Extent 452p.
440 ## - SERIES STATEMENT/ADDED ENTRY--TITLE
Title International library of philosophy
650 ## - SUBJECT ADDED ENTRY--TOPICAL TERM
Topical term or geographic name entry element Mathematics - Philosophy
Holdings
Withdrawn status Lost status Damaged status Not for loan Permanent Location Current Location Date acquired Full call number Barcode Date last seen Price effective from Koha item type
        Indian Institute of Public Administration Indian Institute of Public Administration 2000-03-26 YA51 L962 75113 2018-07-21 2018-07-21 Book

Powered by Koha